Consumer decision-making (Record no. 484)

MARC details
000 -LEADER
fixed length control field 00828 a2200205 4500
008 - FIXED-LENGTH DATA ELEMENTS--GENERAL INFORMATION
fixed length control field 080820t xxu||||| |||| 00| 0 eng d
010 ## - LIBRARY OF CONGRESS CONTROL NUMBER
LC control number ENG-84825
020 ## - INTERNATIONAL STANDARD BOOK NUMBER
International Standard Book Number 8176298522
Terms of availability 480.00
035 ## - SYSTEM CONTROL NUMBER
System control number EN-68358
037 ## - SOURCE OF ACQUISITION
Source of stock number/acquisition D.B.Act / Pub
082 ## - DEWEY DECIMAL CLASSIFICATION NUMBER
Classification number 658.403
100 ## - MAIN ENTRY--PERSONAL NAME
Personal name Pavleen
245 ## - TITLE STATEMENT
Title Consumer decision-making
Statement of responsibility, etc by Pavleen
260 ## - PUBLICATION, DISTRIBUTION, ETC. (IMPRINT)
Place of publication, distribution, etc New Delhi
Name of publisher, distributor, etc Deep & Deep Publications
Date of publication, distribution, etc 2006.
270 ## - ADDRESS
Address F-159, Rajouri Garden,
City New Delhi
State or province Delhi
Postal code 110027
Electronic mail address ddpbooks@yahoo.co.in
Telephone number 25435369, 25440916
300 ## - PHYSICAL DESCRIPTION
Extent xi, 227 p. ;
Dimensions 22 cm. (Hb)
500 ## - GENERAL NOTE
General note Includes bibliographical references and index
942 ## - ADDED ENTRY ELEMENTS (KOHA)
Institution code [OBSOLETE] dpl
Koha item type English Books
Call number prefix 658.403 / PAV
Source of classification or shelving scheme Dewey Decimal Classification
Classification part 658.403
Call number suffix PAV
Holdings
Withdrawn status Lost status Damaged status Not for loan Home library Current library Date acquired Cost, normal purchase price Total Checkouts Full call number Barcode Date last seen Copy number Uniform Resource Identifier Cost, replacement price Price effective from Koha item type
        D.B.Act.Division D.B.Act.Division 20/08/2008 480.00   658.403 PAV EN-68358 15/09/2008 1 508 480.00 15/09/2008 English Books

© Delhi Public Library
Hit Counter
free hit counter